The super mario bros movie 2023 / directed by Aaron Horvath, Michael Jelenic ; written by Matthew Fogel ; produced by Chris Meledandri, Shigeru Miyamoto. (Record no. 20946)

000 -LEADER
fixed length control field 01139nam a22002537a 4500
008 - FIXED-LENGTH DATA ELEMENTS--GENERAL INFORMATION
fixed length control field 250528b xxu||||| |||| 00| 0 eng d
040 ## - CATALOGING SOURCE
Original cataloging agency Cagayan State University
Description conventions RDA
082 ## - DEWEY DECIMAL CLASSIFICATION NUMBER
Classification number 791.4372
Item number T3406 2023
245 ## - TITLE STATEMENT
Title The super mario bros movie 2023 / directed by Aaron Horvath, Michael Jelenic ; written by Matthew Fogel ; produced by Chris Meledandri, Shigeru Miyamoto.
260 ## - PUBLICATION, DISTRIBUTION, ETC. (IMPRINT)
Place of publication, distribution, etc United States :
Name of publisher, distributor, etc Universal Pictures ;
-- Illumination ;
-- Nintendo of America,
Date of publication, distribution, etc 2023.
300 ## - PHYSICAL DESCRIPTION
Extent 1 videofile, (ca. 92 mins.)
Other physical details sound, color.
520 ## - SUMMARY, ETC.
Summary, etc While working underground to fix a water main, Brooklyn plumbers and brothers Mario and Luigi are transported through a mysterious pipe to a magical new world. But when the siblings are separated, an epic adventure begins.
650 ## - SUBJECT ADDED ENTRY--TOPICAL TERM
Topical term or geographic name as entry element Animation.
650 ## - SUBJECT ADDED ENTRY--TOPICAL TERM
Topical term or geographic name as entry element Fantasy.
700 ## - ADDED ENTRY--PERSONAL NAME
Personal name Patt, Chris, star.
700 ## - ADDED ENTRY--PERSONAL NAME
Personal name Taylor–Joy, Anya, star.
700 ## - ADDED ENTRY--PERSONAL NAME
Personal name Day, Charlie, star.
700 ## - ADDED ENTRY--PERSONAL NAME
Personal name Black, Jack, star.
700 ## - ADDED ENTRY--PERSONAL NAME
Personal name Key, Keegan–Michael, star.
700 ## - ADDED ENTRY--PERSONAL NAME
Personal name Rogen, Seth, star.
700 ## - ADDED ENTRY--PERSONAL NAME
Personal name Armisen, Fred, star.
700 ## - ADDED ENTRY--PERSONAL NAME
Personal name Osmond, Eric, editor.
942 ## - ADDED ENTRY ELEMENTS (KOHA)
Source of classification or shelving scheme
Item type Audio-Visual Materials
Holdings
Source of acquisition Price effective from Permanent location Date last seen Not for loan Date acquired Source of classification or shelving scheme Koha item type Collection code Shelving location Damaged status Lost status Withdrawn status Current location Full call number
Donation2025-05-28Cagayan State University - Carig Library2025-05-28 2025-05-28 Audio-Visual MaterialsElectronic Media CenterElectronic Media Center   Cagayan State University - Carig Library791.4372 T3406 2023

Cagayan State University University Library, Carig Campus
Tuguegarao City, Cagayan 3500 | www.csucarig.edu.ph

Powered by Koha